<?xml version="1.0" encoding="UTF-8"?><?xml-stylesheet type="text/xsl" href="static/style.xsl"?><OAI-PMH xmlns="http://www.openarchives.org/OAI/2.0/" xmlns:xsi="http://www.w3.org/2001/XMLSchema-instance" xsi:schemaLocation="http://www.openarchives.org/OAI/2.0/ http://www.openarchives.org/OAI/2.0/OAI-PMH.xsd"><responseDate>2026-04-13T18:10:57Z</responseDate><request verb="GetRecord" identifier="oai:www.recercat.cat:2072/390914" metadataPrefix="marc">https://recercat.cat/oai/request</request><GetRecord><record><header><identifier>oai:recercat.cat:2072/390914</identifier><datestamp>2026-04-10T21:16:24Z</datestamp><setSpec>com_2072_98</setSpec><setSpec>col_2072_378192</setSpec></header><metadata><record xmlns="http://www.loc.gov/MARC21/slim" xmlns:dcterms="http://purl.org/dc/terms/" xmlns:xsi="http://www.w3.org/2001/XMLSchema-instance" xmlns:doc="http://www.lyncode.com/xoai" xsi:schemaLocation="http://www.loc.gov/MARC21/slim http://www.loc.gov/standards/marcxml/schema/MARC21slim.xsd">
   <leader>00925njm 22002777a 4500</leader>
   <datafield ind2=" " ind1=" " tag="042">
      <subfield code="a">dc</subfield>
   </datafield>
   <datafield ind2=" " ind1=" " tag="720">
      <subfield code="a">Alaminos Chica, Antonio</subfield>
      <subfield code="e">author</subfield>
   </datafield>
   <datafield ind2=" " ind1=" " tag="720">
      <subfield code="a">Santacreu Fernández, Oscar</subfield>
      <subfield code="e">author</subfield>
   </datafield>
   <datafield ind2=" " ind1=" " tag="260">
      <subfield code="c">2010</subfield>
   </datafield>
   <datafield ind2=" " ind1=" " tag="520">
      <subfield code="a">A pesar del interés que despierta el fenómeno de las migraciones cualificadas, es difícil encontrar datos que permitan realizar un análisis detallado de los factores que condicionan la movilidad. El caso español constituye un ejemplo de la modificación cualitativa en la composición de las migraciones de sur a norte en Europa tras el ingreso en la Comunidad Económica Europea. No se produjeron migraciones masivas de trabajadores sin cualificación; sin embargo, sí se alteró drásticamente su composición: la migración no cualificada fue sustituida por migración cualificada de España a Alemania y Francia. Esta migración queda ocultada por la llegada masiva de inmigrantes a España. Empleando los datos de la encuesta EIMSS, se analizan las diferencias de las condiciones de egreso y movilidad entre los dos tipos de migrantes, cualificados y no cualificados.</subfield>
   </datafield>
   <datafield ind2=" " ind1=" " tag="520">
      <subfield code="a">Despite the interest in the phenomenon of migration, it is difficult to find qualified data which allows for a detailed analysis of the factors upon which this mobility is conditioned. The Spanish case shows an important example of qualitative modification in the composition of migrations from the south to the north of Europe since Spain's introduction into the European Community. No mass migration of low skilled workers was experienced. Nonetheless, the composition underwent drastic changes: The migration of low skilled workers was replaced by that of highly skilled workers from Spain to Germany and France. This migration went unnoticed due to the mass arrival of immigrants in Spain. An analysis was made of the differences in the conditions of migration and mobility between the two types of migrants, highly and low skilled, using the data obtained in the EIMSS survey.</subfield>
   </datafield>
   <datafield tag="653" ind2=" " ind1=" ">
      <subfield code="a">Migracions qualificades</subfield>
   </datafield>
   <datafield tag="653" ind2=" " ind1=" ">
      <subfield code="a">Migracions europees</subfield>
   </datafield>
   <datafield tag="653" ind2=" " ind1=" ">
      <subfield code="a">Emigrants espanyols</subfield>
   </datafield>
   <datafield tag="653" ind2=" " ind1=" ">
      <subfield code="a">Migraciones cualificadas</subfield>
   </datafield>
   <datafield tag="653" ind2=" " ind1=" ">
      <subfield code="a">Migraciones europeas</subfield>
   </datafield>
   <datafield tag="653" ind2=" " ind1=" ">
      <subfield code="a">EIMSS</subfield>
   </datafield>
   <datafield tag="653" ind2=" " ind1=" ">
      <subfield code="a">Emigrantes españoles</subfield>
   </datafield>
   <datafield tag="653" ind2=" " ind1=" ">
      <subfield code="a">High skilled migrations</subfield>
   </datafield>
   <datafield tag="653" ind2=" " ind1=" ">
      <subfield code="a">European migration</subfield>
   </datafield>
   <datafield tag="653" ind2=" " ind1=" ">
      <subfield code="a">Spanish emigrants</subfield>
   </datafield>
   <datafield ind2="0" ind1="0" tag="245">
      <subfield code="a">La emigración cualificada española en Francia y Alemania</subfield>
   </datafield>
</record></metadata></record></GetRecord></OAI-PMH>